000
00332nam a2200133Ia 4500
008
240624s9999 xx 000 0 und d
041
_a
eng
082
_a
658.409 BEN
100
_a
BENTON D A
245
_a
HOW TO ACT LIKE A CEO 10 RULES FOR GETTI
260
_c
2000
_a
New Delhi
_b
Tata McGrawhill
300
_a
xx, : 204
365
_c
RS
999
_c
1027
_d
1027